000 00524cam a2200157 4500500
005 20260322013923.0
041 _afre
042 _adc
100 1 0 _aChampion, Yannick
_eauthor
700 1 0 _aBlétry, Marc
_eauthor
245 0 0 _aMechanical properties of metallic glass
260 _c2026.
500 _a12
786 0 _nDesign and engineering management | - | 2026-03-11 | p. 12-12
856 4 1 _uhttps://stm.cairn.info/materials-with-mechanical-properties--bdti42535210-n2720-page-12?lang=en&redirect-ssocas=7080
999 _c1784694
_d1784694